| 000 | 01503nam a22003014 4500 | ||
|---|---|---|---|
| 001 | 113746 | ||
| 003 | DR-UNIBE | ||
| 005 | 20251008095754.0 | ||
| 007 | cr nn 008mamaa | ||
| 008 | 250612b2021 sp |||||s|||| 00| 0 spa d | ||
| 020 | _a9788436276978 (electrónico) | ||
| 040 |
_aBIBLIOTECA UNIBE _cBIBLIOTECA UNIBE _erda |
||
| 041 | _aspa | ||
| 100 | 1 |
_aJuanas Oliva, Ángel de _eautor _9196374 |
|
| 100 | 1 |
_aOrtega Navas, María del Carmen _eautor _9196375 |
|
| 245 | 1 | 0 |
_aCalidad de vida en personas adultas y mayores : _b intervención educativa en contextos sociales |
| 260 |
_aMadrid : _bUniversidad Nacional de Educación a Distancia (UNED), _c 2021 |
||
| 300 | _a327 páginas | ||
| 500 | _aRecurso en línea: Disponible para miembros de UNIBE a través del portal web del CRAI: https://www.unibe.edu.do/biblioteca/libros-electronicos/ | ||
| 505 | _aEl aprendizaje de las personas adultas y mayores en la sociedad del conocimiento | Intervención y desarrollo integral en personas adultas y mayores: sus derechos humanos fundamentales | Calidad de vida en personas mayores | Envejecimiento activo y saludable: desafíos, estilos de vida y medidas preventivas | | ||
| 650 | 7 |
_aAncianos _2lemb |
|
| 650 | 7 |
_aTrabajo social con ancianos _2lemb |
|
| 650 | 7 |
_aEdad adulta _2lemb |
|
| 655 | 4 |
_aRecurso electrónico _942681 |
|
| 700 | 1 |
_aMartín Ortega, Elena _eprologuista _9195736 |
|
| 856 | _uhttps://ebookcentral.proquest.com/lib/unibedr/detail.action?docID=6782176 | ||
| 942 |
_2ddc _cEB |
||
| 999 |
_c113746 _d113746 |
||